[Event "Lichtenberger Sommer 2018"]
[Site "?"]
[Date "2018.08.24"]
[Round "7.94"]
[White "Lalaev, Ashur"]
[Black "Jouani, Zakharia"]
[Result "1-0"]
[WhiteElo "1656"]
[BlackElo "1243"]
[PlyCount "31"]
[EventDate "2018.??.??"]
[WhiteTeam "TuS Makkabi Berlin"]
[BlackTeam "SK Zehlendorf"]

1. e4 e5 2. f4 d6 3. Nf3 Nc6 4. d4 f6 5. Bb5 exd4 6. Nxd4 Bd7 7. Nc3 Nge7 8.
Bc4 Nxd4 9. Qxd4 Nc6 10. Qd5 Qe7 11. a3 O-O-O 12. O-O g6 13. b4 a6 14. b5 axb5
15. Nxb5 Nb8 16. Na7# 1-0

[Event "Lichtenberger Sommer 2018"]
[Site "?"]
[Date "2018.08.24"]
[Round "7.95"]
[White "Lippianowski, Stefan"]
[Black "Fontaine, Constantin"]
[Result "0-1"]
[WhiteElo "1090"]
[BlackElo "1487"]
[PlyCount "56"]
[EventDate "2018.??.??"]
[WhiteTeam "SV Mattnetz Berlin"]
[BlackTeam "SK Tempelhof 1931"]

1. d4 d5 2. Nc3 e6 3. a3 c5 4. Bf4 Bd6 5. e3 cxd4 6. Nb5 Bxf4 7. exf4 Qa5+ 8.
b4 Qd8 9. Qg4 g6 10. Nxd4 e5 11. Qe2 e4 12. Ngf3 Ne7 13. Qb5+ Nbc6 14. Nxc6
bxc6 15. Qe2 exf3 16. Qe5 Rf8 17. O-O-O fxg2 18. Bxg2 Be6 19. c4 Qc8 20. Kb2 f6
21. Qd4 dxc4 22. Rhe1 Kf7 23. Qe3 Nd5 24. Bxd5 cxd5 25. f5 Bxf5 26. Qh6 c3+ 27.
Kb3 Qc4+ 28. Ka4 Bd7+ 0-1

[Event "Lichtenberger Sommer 2018"]
[Site "?"]
[Date "2018.08.24"]
[Round "7.96"]
[White "Lange, Christoph"]
[Black "Theilig, Reinhard"]
[Result "1/2-1/2"]
[WhiteElo "1268"]
[BlackElo "1598"]
[PlyCount "42"]
[EventDate "2018.??.??"]
[WhiteTeam "TSG Oberschöneweide"]
[BlackTeam "VfB Hermsdorf"]

1. e4 d6 2. d4 Nf6 3. Nc3 g6 4. Nf3 Bg7 5. Be2 O-O 6. O-O Nbd7 7. Be3 c5 8.
dxc5 Nxc5 9. Bxc5 dxc5 10. Qxd8 Rxd8 11. Rfd1 Be6 12. Ng5 Bd7 13. Rd2 Bc6 14.
Rad1 Rxd2 15. Rxd2 h6 16. e5 hxg5 17. exf6 Bxf6 18. Nd5 Bxd5 19. Rxd5 b6 20. c3
e6 21. Rd7 Rd8 1/2-1/2

[Event "Lichtenberger Sommer 2018"]
[Site "?"]
[Date "2018.08.24"]
[Round "7.97"]
[White "Plaza Reino, Mateo"]
[Black "Torosyan, Bagrat"]
[Result "1-0"]
[WhiteElo "1410"]
[BlackElo "1309"]
[PlyCount "93"]
[EventDate "2018.??.??"]
[WhiteTeam "Enniscorthy Chess Club"]
[BlackTeam "Schachpinguine Berlin"]

1. d4 d5 2. Bf4 Bf5 3. e3 Nf6 4. h3 e6 5. Nf3 Bd6 6. Bxd6 cxd6 7. Nh4 Bg6 8.
Nxg6 fxg6 9. Nd2 Qb6 10. Rb1 Qa5 11. a3 Ne4 12. c3 Nxd2 13. Qxd2 O-O 14. Bd3 e5
15. O-O e4 16. Be2 Nc6 17. Qc2 b5 18. Bg4 Rf6 19. Qb3 Ne7 20. Bd7 a6 21. Bc6
Nxc6 22. Qxd5+ Kh8 23. Qxc6 Qd8 24. Qxe4 Qf8 25. Rbc1 Ra7 26. Qc6 Raf7 27. f3
g5 28. Qxa6 g4 29. hxg4 Qe7 30. e4 d5 31. Qa8+ Rf8 32. Qxd5 Rh6 33. Qc5 Qf6 34.
g5 Qf4 35. gxh6 Qe3+ 36. Kh2 Qf4+ 37. g3 Qd2+ 38. Kg1 Qe3+ 39. Kg2 Rg8 40.
hxg7+ Rxg7 41. Qf8+ Rg8 42. Qf6+ Rg7 43. Rc2 Qd3 44. Rcf2 Qc4 45. Qd8+ Rg8 46.
Qd5 Qc7 47. Qe5+ 1-0

[Event "Lichtenberger Sommer 2018"]
[Site "?"]
[Date "2018.08.24"]
[Round "7.98"]
[White "Morczynski, Ryszard"]
[Black "Jiranek, Benno"]
[Result "1-0"]
[WhiteElo "1284"]
[BlackElo "1469"]
[PlyCount "89"]
[EventDate "2018.??.??"]
[WhiteTeam "SK Zehlendorf"]
[BlackTeam "SC Kreuzberg"]

1. e4 e6 2. d4 d5 3. Nc3 Nf6 4. Bg5 Bb4 5. e5 h6 6. Bd2 Nfd7 7. Qg4 g5 8. Nf3
Be7 9. h4 f5 10. Qh5+ Kf8 11. hxg5 Qe8 12. Qxe8+ Kxe8 13. Rxh6 Rg8 14. Rxe6 Nf8
15. Rh6 Be6 16. O-O-O Ng6 17. Nh4 Bf7 18. Nxf5 Rh8 19. Bd3 Rxh6 20. gxh6 Kd7
21. Rh1 Nc6 22. Nxe7 Ncxe7 23. g4 Be6 24. Be2 Rf8 25. Be3 Nh8 26. f4 Bg8 27. f5
Bh7 28. f6 Neg6 29. Nxd5 c6 30. Nf4 Re8 31. Kd2 Nxf4 32. Bxf4 Ng6 33. Bd3 Nf8
34. Bf5+ Kc7 35. e6+ Kb6 36. f7 Rd8 37. c3 Bxf5 38. gxf5 Nh7 39. Rg1 Nf6 40.
Ke3 Nd5+ 41. Ke4 Nf6+ 42. Kf3 Rd5 43. f8=Q Rxf5 44. Rg6 Rxf4+ 45. Kxf4 1-0

[Event "Lichtenberger Sommer 2018"]
[Site "?"]
[Date "2018.08.24"]
[Round "7.99"]
[White "Zoller, Julia"]
[Black "Toth, Hans-Jürgen"]
[Result "1-0"]
[WhiteElo "854"]
[BlackElo "1452"]
[PlyCount "41"]
[EventDate "2018.??.??"]
[WhiteTeam "SC Friesen Lichtenberg"]
[BlackTeam "SF Zehdenick"]

1. e4 e6 2. d4 d5 3. e5 c5 4. c3 Nc6 5. Be3 cxd4 6. cxd4 Bb4+ 7. Nc3 Nge7 8.
Rc1 Nf5 9. Nf3 Nxe3 10. fxe3 O-O 11. Bd3 a6 12. O-O Bd7 13. Qe2 Na5 14. Qd1 Nc4
15. Qe2 Rc8 16. g4 Bxc3 17. Rxc3 Bb5 18. Rfc1 Qe7 19. Bb1 Nb6 20. Qc2 Rxc3 21.
Qxh7# 1-0

[Event "Lichtenberger Sommer 2018"]
[Site "?"]
[Date "2018.08.24"]
[Round "7.100"]
[White "Nguyen, Phuc Nhat"]
[Black "Geist, Wolfgang"]
[Result "0-1"]
[WhiteElo "1255"]
[BlackElo "1416"]
[PlyCount "126"]
[EventDate "2018.??.??"]
[WhiteTeam "SC Zugzwang 95 (Berlin)"]
[BlackTeam "SC Weisse Dame (Berlin)"]

1. e4 d5 2. exd5 Nf6 3. Bc4 Nxd5 4. Nf3 e6 5. d3 Be7 6. Bd2 O-O 7. Nc3 Nb6 8.
Bb3 N8d7 9. a3 Nf6 10. h3 c6 11. g4 Nbd5 12. Qe2 Bd6 13. g5 Nxc3 14. Bxc3 Nd5
15. Bd2 Nf4 16. Qe4 Nd5 17. h4 Ne7 18. h5 g6 19. O-O-O Qc7 20. Rh3 Nd5 21. Kb1
Nf4 22. Bxf4 Bxf4 23. h6 e5 24. Nh4 Bxh3 25. Rh1 Be6 26. Bxe6 fxe6 27. Nxg6 Rf7
28. Nxf4 Rxf4 29. Qg2 Qf7 30. Qg3 Rf8 31. Ka2 Qf5 32. Rh5 Rg4 33. Qh3 Qf3 34.
Qh2 Qf4 35. Qh3 Rf5 36. g6 Rxh5 37. gxh7+ Kxh7 38. Qxh5 Rg6 39. c4 Qg5 40. Qd1
Qxh6 41. Qa4 a6 42. Qb3 Rg7 43. Qc3 Qf4 44. Qc2 Qd4 45. Qe2 Qg4 46. Qxe5 Qf5
47. Qh2+ Kg8 48. Qb8+ Qf8 49. Qe5 Qe8 50. f4 Qe7 51. f5 exf5 52. Qxf5 Rg5 53.
Qc8+ Kg7 54. Qh3 Kg6 55. Qf3 Qf6 56. Qe4+ Kf7 57. b4 Re5 58. Qh7+ Qg7 59. Qxg7+
Kxg7 60. Kb3 Kf6 61. a4 Re3 62. Kc3 Ke5 63. c5 Kd5 0-1

[Event "Lichtenberger Sommer 2018"]
[Site "?"]
[Date "2018.08.24"]
[Round "7.101"]
[White "Ruddat, Jarne"]
[Black "Dittrich, Hans-Jürgen"]
[Result "1-0"]
[WhiteElo "1347"]
[BlackElo "1307"]
[PlyCount "57"]
[EventDate "2018.??.??"]
[WhiteTeam "SV Rüdersdorf"]
[BlackTeam "SC Eintracht Berlin"]

1. e4 e5 2. Nf3 Nc6 3. d4 d6 4. Bb5 Bd7 5. d5 Nb8 6. Bxd7+ Nxd7 7. O-O Ngf6 8.
Nc3 Be7 9. Be3 b6 10. Qd2 Ng4 11. h3 Nxe3 12. fxe3 h6 13. Qf2 Nf6 14. Qg3 Bf8
15. Nh4 g5 16. Nf5 Nh5 17. Qf3 Nf6 18. Nxd6+ cxd6 19. Qxf6 Qxf6 20. Rxf6 Rh7
21. Nb5 Kd7 22. Raf1 Ke7 23. Nxd6 Bg7 24. Rxf7+ Kxd6 25. Rb7 Rah8 26. Rff7 Rg8
27. Rxa7 Rf8 28. Rxf8 Bxf8 29. Rxh7 1-0

[Event "Lichtenberger Sommer 2018"]
[Site "?"]
[Date "2018.08.24"]
[Round "7.102"]
[White "Paris, Gerhard"]
[Black "Koerber, Bernhard"]
[Result "1-0"]
[WhiteElo "1455"]
[BlackElo "1552"]
[PlyCount "95"]
[EventDate "2018.??.??"]
[WhiteTeam "TSG Oberschöneweide"]
[BlackTeam "Lasker Steglitz-Wilmersdorf"]

1. e4 e6 2. d4 d5 3. e5 c5 4. Nf3 Nc6 5. c3 Qb6 6. a3 Nh6 7. Bd3 cxd4 8. cxd4
Bd7 9. Bc2 Nf5 10. Bxf5 exf5 11. O-O Be7 12. Nc3 Be6 13. b4 a6 14. Na4 Qa7 15.
Nc5 b6 16. Nxe6 fxe6 17. Ng5 Qd7 18. Qh5+ g6 19. Qd1 Bd8 20. h4 b5 21. Nf3 Bb6
22. Bg5 Qa7 23. Be3 Kd7 24. a4 f4 25. axb5 Nxb4 26. Bxf4 Rhc8 27. Qb3 Nc2 28.
Rxa6 Qb7 29. Rxa8 Qxa8 30. Qb2 Rc4 31. Be3 Qa4 32. Nd2 Rb4 33. Qc1 Bxd4 34.
Bxd4 Rxd4 35. Nf3 Rc4 36. Qh6 Rg4 37. Qxh7+ Ke8 38. Qg8+ Ke7 39. Qg7+ Ke8 40.
Qf6 Qf4 41. Qxe6+ Kf8 42. Qd6+ Kg7 43. Qe7+ Kh6 44. Qf6 Nd4 45. Qxf4+ Rxf4 46.
Nxd4 Rxd4 47. Rb1 Re4 48. b6 1-0

[Event "Lichtenberger Sommer 2018"]
[Site "?"]
[Date "2018.08.24"]
[Round "7.103"]
[White "Stark, Steven"]
[Black "Motsch, Sebastian"]
[Result "1-0"]
[WhiteElo "1439"]
[BlackElo "1292"]
[PlyCount "59"]
[EventDate "2018.??.??"]
[WhiteTeam "BSC Rehberge"]
[BlackTeam "vereinslos"]

1. e4 c6 2. Nf3 d5 3. Bd3 dxe4 4. Bxe4 Nf6 5. Nc3 Nxe4 6. Nxe4 Bf5 7. Qe2 e6 8.
d3 Be7 9. Ng3 Bg4 10. h3 Bxf3 11. Qxf3 O-O 12. Qg4 f5 13. Qc4 Qd5 14. Qb3 Qxg2
15. Qxe6+ Rf7 16. h4 Bc5 17. Be3 Bxe3 18. Qxe3 f4 19. Qe4 Qxe4+ 20. Nxe4 Nd7
21. O-O-O Ne5 22. h5 Ng4 23. Rdg1 Nh6 24. Kd2 Rd8 25. Nc5 Re8 26. Ne4 Re5 27.
Rg5 Rxg5 28. Nxg5 Rf6 29. Ne4 Ng4 30. Rh4 1-0

[Event "Lichtenberger Sommer 2018"]
[Site "?"]
[Date "2018.08.25"]
[Round "8.1"]
[White "Hacker, Jonas"]
[Black "Stern, René"]
[Result "1/2-1/2"]
[WhiteElo "2316"]
[BlackElo "2519"]
[PlyCount "68"]
[EventDate "2018.??.??"]
[WhiteTeam "SC Eppingen"]
[BlackTeam "SK König Tegel"]

1. e4 e5 2. Nf3 Nc6 3. Bb5 a6 4. Ba4 Nf6 5. O-O Be7 6. Re1 b5 7. Bb3 d6 8. c3
O-O 9. h3 Na5 10. Bc2 c5 11. d4 Qc7 12. Nbd2 Be6 13. d5 Bd7 14. b3 g6 15. Nf1
Nh5 16. Bh6 Ng7 17. g4 Nb7 18. Ng3 f6 19. Nh2 Nd8 20. Bd2 Nf7 21. c4 b4 22. a3
a5 23. a4 Kh8 24. f4 exf4 25. Bxf4 Ne5 26. Rf1 Rg8 27. Kh1 Raf8 28. Qe2 Bc8 29.
Rf2 Qd8 30. Rg1 Qd7 31. Bh6 Rf7 32. Rgf1 Rff8 33. Rg1 Rf7 34. Nf3 Rff8 1/2-1/2

[Event "Lichtenberger Sommer 2018"]
[Site "?"]
[Date "2018.08.25"]
[Round "8.2"]
[White "Ahmadinia, Ebrahim"]
[Black "Polatel, Ali"]
[Result "1-0"]
[WhiteElo "2418"]
[BlackElo "2230"]
[PlyCount "131"]
[EventDate "2018.??.??"]
[WhiteTeam "SF 1903 Berlin"]
[BlackTeam "SC Zugzwang 95 (Berlin)"]

1. e4 c5 2. Nf3 g6 3. d4 cxd4 4. Qxd4 Nf6 5. Nc3 Nc6 6. Qa4 d6 7. e5 dxe5 8.
Nxe5 Qd4 9. Nxc6 Qxa4 10. Nxa4 bxc6 11. Be3 Bg7 12. O-O-O O-O 13. Be2 Nd5 14.
Bd4 e5 15. Bc5 Re8 16. Rhe1 f5 17. Kb1 Be6 18. c4 Nf4 19. Bf1 g5 20. g3 Ng6 21.
f3 Kf7 22. b3 h5 23. Bg2 Rec8 24. Bd6 f4 25. Nc5 Bf5+ 26. Kc1 a5 27. Bf1 Rd8
28. Bd3 Bxd3 29. Rxd3 fxg3 30. hxg3 h4 31. g4 Nf4 32. Rd2 Re8 33. Ne4 Kg6 34.
Bc7 a4 35. b4 a3 36. Rd6+ Re6 37. Rd7 Bf8 38. b5 cxb5 39. cxb5 Rc8 40. Kb1 Nd5
41. Ba5 Bb4 42. Rxd5 Bxa5 43. Re2 Rd8 44. Rxd8 Bxd8 45. Kc2 Rb6 46. Rd2 Be7 47.
Rd7 Bb4 48. Rd5 Re6 49. Kb3 Bf8 50. Ka4 h3 51. Rd2 Re8 52. b6 Rc8 53. Rh2 Rc4+
54. Ka5 Rb4 55. Rxh3 Rb2 56. Ka6 Rxa2 57. b7 Rb2 58. Rh1 Rb4 59. Rc1 Be7 60.
Ka7 Ra4+ 61. Kb8 a2 62. Kc8 Rc4+ 63. Rxc4 a1=Q 64. Rc6+ Kf7 65. b8=Q Qd4 66.
Qc7 1-0

[Event "Lichtenberger Sommer 2018"]
[Site "?"]
[Date "2018.08.25"]
[Round "8.3"]
[White "Gullaksen, Eirik"]
[Black "Wierzbicki, Jirawat"]
[Result "1/2-1/2"]
[WhiteElo "2357"]
[BlackElo "2187"]
[PlyCount "74"]
[EventDate "2018.??.??"]
[WhiteTeam "Bergens Schakklub"]
[BlackTeam "SK König Tegel"]

1. e4 e5 2. Nf3 Nc6 3. Bb5 a6 4. Ba4 Nf6 5. O-O Be7 6. d3 b5 7. Bb3 d6 8. a3
O-O 9. Nc3 Na5 10. Ba2 c5 11. b4 cxb4 12. axb4 Nc6 13. Nd5 Be6 14. c3 Nb8 15.
h3 Nxd5 16. exd5 Bf5 17. Be3 Nd7 18. Qd2 h6 19. Bb3 a5 20. bxa5 Rxa5 21. c4
Rxa1 22. Rxa1 bxc4 23. Bxc4 Nb6 24. Bb3 Qb8 25. Ra6 Nd7 26. Bc4 Nc5 27. Bxc5
dxc5 28. Qa2 Bd6 29. Nd2 Re8 30. Ne4 Bxe4 31. dxe4 Rd8 32. g3 Qb4 33. Kg2 Qe1
34. Bd3 Qb4 35. h4 Qd4 36. Qb3 Rb8 37. Qc4 Qxc4 1/2-1/2

[Event "Lichtenberger Sommer 2018"]
[Site "?"]
[Date "2018.08.25"]
[Round "8.4"]
[White "Sieglen, Joachim"]
[Black "Postler, Reinhard"]
[Result "1-0"]
[WhiteElo "2196"]
[BlackElo "2251"]
[PlyCount "61"]
[EventDate "2018.??.??"]
[WhiteTeam "SC Untergrombach"]
[BlackTeam "TSG Oberschöneweide"]

1. d4 d5 2. c4 c6 3. Nf3 Nf6 4. e3 e6 5. b3 c5 6. Bb2 cxd4 7. exd4 Bb4+ 8. Nbd2
dxc4 9. bxc4 O-O 10. Be2 b6 11. O-O Bb7 12. a3 Be7 13. Bd3 Nc6 14. Qe2 Qc7 15.
Rac1 Rad8 16. Rfd1 Qf4 17. Bb1 Qg4 18. h3 Qh5 19. Qe3 Rd7 20. Nf1 Rfd8 21. Ng3
Qa5 22. Re1 Kf8 23. Ng5 Bd6 24. d5 Bc5 25. Qf4 e5 26. Qf5 Nd4 27. Nxh7+ Nxh7
28. Qxh7 Qd2 29. Qh8+ Ke7 30. Rxe5+ Ne6 31. Nf5+ 1-0

[Event "Lichtenberger Sommer 2018"]
[Site "?"]
[Date "2018.08.25"]
[Round "8.5"]
[White "Hesse, Henrik"]
[Black "Kapp, Martin"]
[Result "1/2-1/2"]
[WhiteElo "2137"]
[BlackElo "2233"]
[PlyCount "101"]
[EventDate "2018.??.??"]
[WhiteTeam "SV Mattnetz Berlin"]
[BlackTeam "SV Erzgebirge Stollberg"]

1. c4 e5 2. g3 Nc6 3. Bg2 g6 4. Nc3 Bg7 5. d3 f5 6. e3 Nf6 7. Nge2 O-O 8. O-O
Ne7 9. Rb1 c6 10. b4 d5 11. b5 dxc4 12. dxc4 e4 13. Ba3 Qc7 14. Bd6 Qd7 15.
bxc6 bxc6 16. c5 Re8 17. Qb3+ Qe6 18. Nd4 Qxb3 19. Rxb3 Ng4 20. Rd1 Ne5 21. Bf1
Nf3+ 22. Nxf3 exf3 23. Bc4+ Kf8 24. Rd3 Bxc3 25. Rbxc3 Kg7 26. Bc7 a5 27. Ra3
a4 28. Rd4 Bb7 29. Rd7 Ba6 30. Be6 Bc8 31. Rd6 Bxe6 32. Rxe6 Kf7 33. Rd6 Rec8
34. Bb6 Ke8 35. Rd4 Nd5 36. Rdxa4 Rxa4 37. Rxa4 Nxb6 38. cxb6 Rb8 39. Rb4 c5
40. Rb1 Kd7 41. Kf1 Kc6 42. b7 Rxb7 43. Rxb7 Kxb7 44. Ke1 g5 45. h3 h5 46. h4
g4 47. Kd2 Kb6 48. Kc3 Kb5 49. Kb3 Ka5 50. Kc4 Kb6 51. Kc3 1/2-1/2

[Event "Lichtenberger Sommer 2018"]
[Site "?"]
[Date "2018.08.25"]
[Round "8.6"]
[White "Berger, Steve"]
[Black "Schliebener, Stephan"]
[Result "1-0"]
[WhiteElo "2428"]
[BlackElo "2131"]
[PlyCount "47"]
[EventDate "2018.??.??"]
[WhiteTeam "SK König Tegel"]
[BlackTeam "BSV 63 Chemie Weißensee"]

1. e4 c5 2. Nf3 e6 3. Nc3 a6 4. d4 cxd4 5. Nxd4 b5 6. g3 Bb7 7. Bg2 Nf6 8. O-O
Qc7 9. Re1 d6 10. a4 b4 11. Nd5 exd5 12. exd5+ Kd8 13. Bg5 Qc5 14. c3 Bc8 15.
cxb4 Qxb4 16. Bd2 Qb6 17. Be3 Qb4 18. a5 Be7 19. Ra4 Qxb2 20. Re2 Qb7 21. Nc6+
Nxc6 22. Bb6+ Qxb6 23. axb6 Nb8 24. Qc1 1-0

[Event "Lichtenberger Sommer 2018"]
[Site "?"]
[Date "2018.08.25"]
[Round "8.7"]
[White "Jeremic, Dusan"]
[Black "Figura, Atila Gajo"]
[Result "1-0"]
[WhiteElo "2123"]
[BlackElo "2389"]
[PlyCount "81"]
[EventDate "2018.??.??"]
[WhiteTeam "SF 1903 Berlin"]
[BlackTeam "SK Zehlendorf"]

1. e4 c5 2. Bc4 e6 3. Qe2 a6 4. a4 Nc6 5. c3 Be7 6. Bb3 Qc7 7. d3 Nf6 8. Nf3
O-O 9. O-O d6 10. Bg5 e5 11. h3 Be6 12. Nbd2 b5 13. Bc2 b4 14. c4 Nh5 15. Be3
Nf4 16. Bxf4 exf4 17. b3 Bf6 18. Rac1 Rae8 19. Kh2 Qd7 20. Rg1 g6 21. g3 fxg3+
22. Rxg3 Bg7 23. Qe3 f5 24. exf5 Bxf5 25. Ne4 Nd4 26. Kg2 Bxe4 27. dxe4 Nf5 28.
exf5 Rxe3 29. fxe3 gxf5 30. Rf1 Qb7 31. Kh2 Kh8 32. Rfg1 Bc3 33. Bxf5 Qe7 34.
e4 d5 35. cxd5 c4 36. Be6 h6 37. Rg6 Qh7 38. d6 cxb3 39. Bxb3 Rd8 40. e5 Rf8
41. Rg8+ 1-0

[Event "Lichtenberger Sommer 2018"]
[Site "?"]
[Date "2018.08.25"]
[Round "8.8"]
[White "Florstedt, Johannes"]
[Black "Heuser, Philip"]
[Result "1-0"]
[WhiteElo "2306"]
[BlackElo "2049"]
[PlyCount "133"]
[EventDate "2018.??.??"]
[WhiteTeam "SF 1903 Berlin"]
[BlackTeam "Münchener SC"]

1. e4 c6 2. d4 d5 3. e5 Bf5 4. h4 h5 5. Bd3 Bxd3 6. Qxd3 e6 7. Bg5 Qb6 8. Nd2
Qa6 9. c4 Bb4 10. b3 Ne7 11. Ngf3 Nd7 12. O-O Nf5 13. a3 Be7 14. Bxe7 Kxe7 15.
Qc3 Rhc8 16. c5 b6 17. b4 Qb7 18. Nb3 b5 19. Na5 Qc7 20. Qd2 g6 21. Rfe1 Ke8
22. g3 a6 23. Kg2 Ra7 24. Ra2 Qd8 25. Ng5 Kf8 26. Nb3 Kg7 27. Rea1 Rca8 28. Nf3
Qc7 29. Qe1 Ne7 30. a4 Nb8 31. Ra3 Nd7 32. R1a2 Nb8 33. Nc1 Qb7 34. Nd3 Nd7 35.
Qa1 Nc8 36. Qc1 Ne7 37. Ra1 a5 38. axb5 Qxb5 39. Qd2 a4 40. Nde1 Nf5 41. Nc2
Rb7 42. Qe1 Nb8 43. Qd2 Nd7 44. Rb1 Nb8 45. Rc3 Qa6 46. Na3 Ne7 47. Qg5 Nf5 48.
Qd2 Ne7 49. Qc1 Qe2 50. Rb2 Qe4 51. Qd1 Nf5 52. Rd3 Na6 53. Re2 Qg4 54. Nh2
Nxh4+ 55. Kh1 Qg5 56. gxh4 Qxh4 57. Qxa4 Rxb4 58. Qxc6 Ra7 59. Kg2 Rxd4 60.
Rxd4 Qxd4 61. Nb5 Qc4 62. Re3 Nb4 63. Qe8 Ra1 64. Rf3 Qc1 65. Rxf7+ Kh6 66.
Qf8+ Kg5 67. Qe7+ 1-0

[Event "Lichtenberger Sommer 2018"]
[Site "?"]
[Date "2018.08.25"]
[Round "8.9"]
[White "Elsing, Jan"]
[Black "Teh, Eu Wen Aron"]
[Result "1/2-1/2"]
[WhiteElo "2129"]
[BlackElo "2286"]
[PlyCount "166"]
[EventDate "2018.??.??"]
[WhiteTeam "SC Friesen Lichtenberg"]
[BlackTeam "Imperial College Chess Club"]

1. c4 c5 2. Nc3 Nc6 3. g3 g6 4. Bg2 Bg7 5. Nf3 e6 6. e4 Nge7 7. O-O O-O 8. d3
Nd4 9. Nxd4 cxd4 10. Ne2 Nc6 11. b3 Qe7 12. a3 a5 13. Bd2 Rb8 14. Qe1 b6 15. f4
b5 16. Bxa5 bxc4 17. bxc4 Qc5 18. Bb4 Nxb4 19. axb4 Rxb4 20. Qd2 Rxc4 21. dxc4
d3+ 22. Kh1 dxe2 23. Qxe2 Bxa1 24. Rxa1 Bb7 25. Rd1 d6 26. h3 Rc8 27. Qd3 Qxc4
28. Qxc4 Rxc4 29. Rxd6 Bxe4 30. Bxe4 Rxe4 31. Kg2 Kg7 32. Kf3 Ra4 33. Rd3 h6
34. h4 h5 35. Rb3 Ra7 36. Rc3 Kf6 37. Rb3 Rd7 38. Ke4 Rd5 39. Ra3 Rb5 40. Rc3
Rb4+ 41. Kf3 Rd4 42. Ke3 Ra4 43. Kf3 Ra5 44. Ke4 Ra4+ 45. Kf3 e5 46. fxe5+ Kxe5
47. Rc5+ Kf6 48. Rc6+ Kg7 49. Rb6 Ra7 50. Kf4 Ra4+ 51. Kf3 Rd4 52. Ra6 Kf8 53.
Ra7 Ke8 54. Ke3 Rd7 55. Ra4 Rd5 56. Ra7 Rf5 57. Ke4 Kf8 58. Rb7 Kg7 59. Rb6 Rf1
60. Ra6 Rf6 61. Ra5 Rb6 62. Kf4 Kf6 63. Rc5 Rb4+ 64. Kf3 Rd4 65. Ra5 Ke6 66.
Rb5 f6 67. Ra5 Rd5 68. Ra4 g5 69. hxg5 fxg5 70. Ra2 Kf5 71. Kg2 Ke4 72. Re2+
Kd3 73. Re6 Kd2 74. Rf6 Re5 75. g4 Re2+ 76. Kh3 Re3+ 77. Kh2 hxg4 78. Kg2 Kd3
79. Rf5 Ke4 80. Rxg5 Kf4 81. Ra5 Re2+ 82. Kf1 Rb2 83. Ra3 Rc2 1/2-1/2

[Event "Lichtenberger Sommer 2018"]
[Site "?"]
[Date "2018.08.25"]
[Round "8.10"]
[White "Böttcher, Patrick"]
[Black "Petersen, Soren Boeck"]
[Result "1/2-1/2"]
[WhiteElo "2100"]
[BlackElo "2212"]
[PlyCount "41"]
[EventDate "2018.??.??"]
[WhiteTeam "SC Zitadelle Spandau"]
[BlackTeam "Damhus Skakklub"]

1. d4 d5 2. c4 dxc4 3. Nf3 Nf6 4. e3 Bg4 5. Bxc4 e6 6. h3 Bh5 7. O-O a6 8. Be2
Nc6 9. b3 Bd6 10. Bb2 O-O 11. Nbd2 Qe7 12. Nc4 Rfd8 13. Rc1 Bg6 14. Nh4 Be4 15.
Bf3 Bd5 16. Bxd5 exd5 17. Nf5 Qe6 18. Ncxd6 cxd6 19. Ng3 Rac8 20. Ba3 g6 21.
Re1 1/2-1/2

[Event "Lichtenberger Sommer 2018"]
[Site "?"]
[Date "2018.08.25"]
[Round "8.11"]
[White "Boetzer, Detlef"]
[Black "Seitz, Patrick"]
[Result "1-0"]
[WhiteElo "2218"]
[BlackElo "1998"]
[PlyCount "93"]
[EventDate "2018.??.??"]
[WhiteTeam "SC Rotation Pankow"]
[BlackTeam "SC Böblingen"]

1. d4 Nf6 2. Nf3 g6 3. c4 Bg7 4. Nc3 O-O 5. e4 d6 6. Be2 e5 7. dxe5 dxe5 8.
Qxd8 Rxd8 9. Bg5 h6 10. Bxf6 Bxf6 11. Nd5 Nd7 12. Nxc7 Rb8 13. O-O-O b6 14. Nd5
Bb7 15. Nxf6+ Nxf6 16. Rxd8+ Rxd8 17. Nxe5 Nxe4 18. f3 Nc5 19. Ng4 Kg7 20. Rd1
Re8 21. Rd2 Ne6 22. Bd1 Rc8 23. b3 b5 24. Ne3 bxc4 25. Nxc4 Rc7 26. Kb2 h5 27.
Nd6 Kh6 28. b4 f5 29. Bb3 Nf4 30. a4 h4 31. h3 Re7 32. b5 Ba8 33. a5 Re3 34.
Bc4 Nxg2 35. Rxg2 Rxf3 36. Nf7+ Kg7 37. Nd6 Rxh3 38. Re2 Kf6 39. b6 axb6 40.
axb6 Rg3 41. Ne8+ Kg5 42. Nc7 Bb7 43. Bd5 Bxd5 44. Nxd5 h3 45. b7 Rg2 46. b8=Q
Rxe2+ 47. Kc3 1-0

[Event "Lichtenberger Sommer 2018"]
[Site "?"]
[Date "2018.08.25"]
[Round "8.12"]
[White "Heerde, Thomas"]
[Black "Kohler, Thomas"]
[Result "1/2-1/2"]
[WhiteElo "2005"]
[BlackElo "2161"]
[PlyCount "71"]
[EventDate "2018.??.??"]
[WhiteTeam "SK Zehlendorf"]
[BlackTeam "SC Zitadelle Spandau"]

1. Nf3 d6 2. d4 Nf6 3. Nc3 g6 4. e4 Bg7 5. h3 O-O 6. Be3 Nc6 7. Qd2 e5 8. d5
Ne7 9. g4 Bd7 10. O-O-O Qb8 11. Bg2 b5 12. Nh2 Qb7 13. Bh6 Rad8 14. Bxg7 Kxg7
15. g5 Nh5 16. Ne2 f5 17. gxf6+ Rxf6 18. Ng4 Rf7 19. Qg5 Rdf8 20. f3 Qb6 21.
Kb1 Ng8 22. Rhg1 h6 23. Nxh6 Nxh6 24. Bh1 Bg4 25. hxg4 Nf4 26. Nxf4 Rxf4 27.
Qe7+ R4f7 28. Qh4 Rh8 29. Qe1 g5 30. Bg2 Kg6 31. Qd2 Ng8 32. Rh1 Rfh7 33. Qc1
Qf2 34. Rxh7 Rxh7 35. Bh1 Rh2 36. Rf1 1/2-1/2

[Event "Lichtenberger Sommer 2018"]
[Site "?"]
[Date "2018.08.25"]
[Round "8.13"]
[White "Syre, Christian"]
[Black "Albrecht, Rainer"]
[Result "1-0"]
[WhiteElo "2184"]
[BlackElo "2083"]
[PlyCount "29"]
[EventDate "2018.??.??"]
[WhiteTeam "TSG Oberschöneweide"]
[BlackTeam "SC Kreuzberg"]

1. Nf3 Nf6 2. b3 e6 3. Bb2 b6 4. g3 Bb7 5. Bg2 d5 6. O-O Nbd7 7. c4 Bd6 8. cxd5
exd5 9. Nc3 a6 10. Nh4 O-O 11. Nf5 Nc5 12. Nxd6 Qxd6 13. Ba3 Nfe4 14. Nxe4 dxe4
15. d4 1-0

[Event "Lichtenberger Sommer 2018"]
[Site "?"]
[Date "2018.08.25"]
[Round "8.14"]
[White "Hamann, Carsten"]
[Black "Deutschbein, Christopher"]
[Result "1-0"]
[WhiteElo "2141"]
[BlackElo "1990"]
[PlyCount "70"]
[EventDate "2018.??.??"]
[WhiteTeam "Preetzer TSV"]
[BlackTeam "Eckernförder SC"]

1. d4 d5 2. Nc3 Bf5 3. Bf4 Nf6 4. Nf3 c5 5. dxc5 e6 6. e3 Bxc5 7. Nb5 Na6 8.
Nbd4 Be4 9. Bb5+ Kf8 10. O-O Nc7 11. Be2 h6 12. Nb3 Bd6 13. Bxd6+ Qxd6 14. c4
Bxf3 15. Bxf3 Ke7 16. Qe2 Rhd8 17. Rfd1 Qa6 18. Qe1 Kf8 19. Qb4+ Kg8 20. Rac1
Qb6 21. Qa4 dxc4 22. Rxd8+ Rxd8 23. Qxc4 Ncd5 24. g3 Rd7 25. e4 Rc7 26. Nc5 Ne7
27. b4 Nd7 28. Qc3 a5 29. a3 axb4 30. axb4 Qb5 31. Qd2 b6 32. Be2 Qc6 33. b5
Qa8 34. Nxd7 Rxc1+ 35. Qxc1 Qxe4 1-0

[Event "Lichtenberger Sommer 2018"]
[Site "?"]
[Date "2018.08.25"]
[Round "8.15"]
[White "McGowan, Daniel"]
[Black "Eberlein, Johann"]
[Result "1/2-1/2"]
[WhiteElo "2139"]
[BlackElo "1936"]
[PlyCount "36"]
[EventDate "2018.??.??"]
[WhiteTeam "SF 1903 Berlin"]
[BlackTeam "BSV 63 Chemie Weißensee"]

1. e4 g6 2. d4 Bg7 3. Nf3 c6 4. Nc3 d5 5. h3 dxe4 6. Nxe4 Nf6 7. Nxf6+ exf6 8.
Bd3 O-O 9. O-O a5 10. c4 Na6 11. Bf4 Nc7 12. Qd2 Ne6 13. Be3 f5 14. Bc2 f4 15.
Bxf4 Nxd4 16. Nxd4 Qxd4 17. Qxd4 Bxd4 18. Rab1 Be6 1/2-1/2

[Event "Lichtenberger Sommer 2018"]
[Site "?"]
[Date "2018.08.25"]
[Round "8.16"]
[White "Krefenstein, Sergej"]
[Black "Joppien, Arne"]
[Result "0-1"]
[WhiteElo "2120"]
[BlackElo "1921"]
[PlyCount "92"]
[EventDate "2018.??.??"]
[WhiteTeam "TuS Makkabi Berlin"]
[BlackTeam "TSV Cadenberge"]

1. Nf3 d5 2. c4 e6 3. g3 c6 4. Bg2 Nf6 5. b3 d4 6. O-O c5 7. d3 Nc6 8. e3 Be7
9. exd4 cxd4 10. Re1 O-O 11. Bb2 Rb8 12. Na3 Bxa3 13. Bxa3 Re8 14. b4 b5 15.
Nd2 Bd7 16. cxb5 Rxb5 17. Nc4 Qb8 18. Bb2 Rd8 19. a4 Rxb4 20. Ba3 Rb7 21. Nd6
Rb3 22. Nb5 Rxb5 23. axb5 Qxb5 24. Qc2 a5 25. Reb1 Nb4 26. Bxb4 axb4 27. Rb3
Rc8 28. Qb1 Nd5 29. Ra7 g6 30. h4 e5 31. Qa1 Nc3 32. Rb7 Qxd3 33. Rxd7 Ne2+ 34.
Kh2 Qxb3 35. Qa6 Qc2 36. Qf6 Qf5 37. Qe7 b3 38. f4 Nxf4 39. g4 Qe6 40. Rd8+
Rxd8 41. Qxd8+ Kg7 42. g5 Nxg2 43. Kxg2 Qg4+ 44. Kf1 Qf4+ 45. Kg2 b2 46. h5
gxh5 0-1